| 000 | 01021nam a2200265Ia 4500 | ||
|---|---|---|---|
| 003 | OSt | ||
| 005 | 20221005103708.0 | ||
| 006 | a|||||r|||| 00| 0 | ||
| 007 | ta | ||
| 008 | 221004b |||||||| |||| 00| 0 hin d | ||
| 020 |
_a9788188466382 (hbk) _cINR 295.00 |
||
| 024 | _a43376 | ||
| 037 |
_bIN-2302, 14/03/2019, Kitab Ghar Prakashan _cTextual |
||
| 040 |
_aCRL _cCRL _bhin |
||
| 041 |
_2hin _ahin |
||
| 082 | _aQ2:332w, 152Q7 | ||
| 100 | _aमिश्र, विनोद कुमार, ले. | ||
| 245 | 0 | _aमहान् तत्वज्ञानी अष्टावक्र | |
| 246 | _aMahān tatvajnyānī aṣhṭāvakra | ||
| 260 |
_aदिल्ली _bअमरसत्य प्रकाशन भारत _c2017 |
||
| 300 |
_a216पृ0 _ccm. |
||
| 650 | _aहिन्दू धर्म | ||
| 942 |
_hQ2:332w, 152Q7 _cTEXL _2cc |
||
| 999 |
_c1010656 _d1010656 |
||